000 01171cam a22001934a 4500
005 20250605164113.0
008 250528s ||||||||||||||||||||||||d
035 _a17977
020 _a9789606221330
040 _aGR-AtMCL
_bgre
_dGR-AtMCL
_eAACR2
245 1 _aΣύμβαση Εκτέλεσης Δημόσιου Έργου / Νόμοι 3669/ 2008 - 4070/ 2012 και 4412/2016: Ερμηνεία και Νομολογία κατ' Άρθρο
260 _bΕκδόσεις Πανεπιστημίου Μακεδονίας,
_c2017
300 _a404
520 _aΠρόλογος, Εισαγωγικές Παρατηρήσεις, Ερμηνεία και Νομολογία Κατ' Άρθρο, Σύμβαση Κατασκευής του Έργου, Εργολαβική Σύμβαση, Διοίκηση και Διαχείριση του Έργου, Επίλυση Διαφόρων από την Σύμβαση Εκτέλεσης Δημόσιου Έργου, Ενδεικτική Βιβλιογραφία, Ευρετήριο Αποφάσεων και Όρων.
700 1 _aΜητκίδης Χρήστος
_94292
942 _cBK
999 _c3371
_d3371